| 000 | 00617nam a2200145 i 4500 | ||
|---|---|---|---|
| 001 | 164562 | ||
| 003 | ES-MaACL | ||
| 005 | 20230906212948.0 | ||
| 008 | 050801s1877 cu |||| | spa d | ||
| 100 | 1 |
_aSánchez de Fuentes, Eugenio. _9133022 |
|
| 245 | 1 | 0 |
_aColón y el judío errante _b: fantasía dramática en dos actos y en verso / _coriginal de Eugenio Sánchez de Fuentes. |
| 260 |
_aHabana : _bLa Propaganda Literaria, _c1877. |
||
| 300 |
_a39 p. ; _c21 cm. |
||
| 852 |
_aES-MaACL _jT-1293-F-2 _z- Enc. hol. conservando cub. original _z. - Dedic. ms. del autor a Laureano Figuerola _z- Enc. en un vol. facticio |
||
| 999 |
_c164562 _d164562 |
||